| 000 | 00878nam a2200253Ia 4500 | ||
|---|---|---|---|
| 008 | 240729s9999 xx 000 0 und d | ||
| 022 | _a2790-6868 | ||
| 245 | 0 | _aJournal of Information Management and Practices | |
| 260 | _aPakistan | ||
| 260 | _bDepartment of Information Management, The Islamia University of Bahawalpur Pakistan | ||
| 650 | _a Cybernetics | ||
| 650 | _a Industrial engineering. Management engineering | ||
| 650 | _a Industrial engineering. Management engineering | ||
| 650 | _a Information technology | ||
| 650 | _a Information theory | Technology | ||
| 650 | _a Management information systems | Technology | ||
| 650 | _a Science (General) | ||
| 650 | _a Technology (General) | ||
| 650 | _a Technology (General) | ||
| 650 | _aScience | ||
| 856 | _uhttps://doaj.org/toc/9419dedaff24412b9a940f8dd9e8f925 | ||
| 942 | _2ddc | ||
| 942 | _cDOAJEJ | ||
| 999 |
_c68491 _d68491 |
||
| 945 |
_a1 _bMadushi Gamage _c1 _dMadushi Gamage |
||